00458nam a2200169Ia 4500008004100000041001200041082002100053100001700074245004700091365000800138520001200146546001200158630004700170650001200217655001200229730004700241101110s9999 xx 000 0 und d aMARATHI bSR24438a891.468 aDalwai Hamid aRashatiya Ekatamata aani Bhartiya Musalman b200 aMarathi aMARATHI aRashatiya Ekatamata aani Bhartiya Musalman aMarathi aMarathi aRashatiya Ekatamata aani Bhartiya Musalman